[Event "Olympiad-31"]
[Site "Moscow"]
[Date "1994.12.12"]
[Round "11.4"]
[White "Ilincic, Zlatko"]
[Black "Hodgson, Julian M"]
[Result "0-1"]
[WhiteElo "2555"]
[BlackElo "2580"]
[Annotator "Stohl,I"]
[PlyCount "76"]
[EventDate "1994.12.01"]
[EventType "team-swiss"]
[EventRounds "14"]
[EventCountry "RUS"]
[SourceTitle "CBM 045"]
[Source "ChessBase"]
[SourceDate "1995.04.01"]
[SourceVersion "1"]
[SourceVersionDate "1995.04.01"]
[SourceQuality "1"]
[WhiteTeam "Serbia & Montenegro"]
[BlackTeam "England"]
[WhiteTeamCountry "YUG"]
[BlackTeamCountry "ENG"]

1. d4 d6 2. e4 Nf6 3. Nc3 g6 4. Nf3 Bg7 5. h3 O-O 6. Be3 a6 (6... b6 7. Bc4 e6
8. O-O Bb7 9. d5 e5 10. Qe2 Bc8 $1 11. b4 Nh5 12. a4 Nf4 13. Bxf4 exf4 14. Ra3
a6 15. Qd2 g5 16. e5 dxe5 17. Re1 Bf5 18. Nxe5 Qd6 19. Nd3 Nd7 20. Ne4 Bxe4 21.
Rxe4 a5 22. h4 h6 23. hxg5 hxg5 24. Rb3 c6 $1 $36 {Mowsziszian,K-Jansa,V/
Hamburg op/1992/}) 7. a4 b6 8. Bc4 e6 9. O-O d5 (9... Bb7 $142 $5 10. d5 exd5 (
10... e5 $13) 11. exd5 Re8 12. Bd4 Nbd7 13. Re1 Rxe1+ 14. Qxe1 Nc5 15. Qe3 Qd7
16. Qf4 Nh5 17. Qd2 Re8 18. Bxg7 Nxg7 19. b3 Qf5 20. Re1 Rxe1+ 21. Qxe1 Qf6 22.
Qe3 Nf5 23. Qe8+ Kg7 24. Ne2 Qe7 25. Qxe7 Nxe7 $10 {Pira,D-Chabanon,JL/FRA-chT/
1993/}) 10. exd5 $1 $146 (10. Bd3 dxe4 11. Nxe4 Bb7 12. Nxf6+ Bxf6 13. Qe2 Nd7
14. Rad1 Qe7 15. Rfe1 c5 16. c3 cxd4 17. Nxd4 Nc5 18. Bc2 Rfe8 19. Nf3 Rad8 20.
Bf4 Rxd1 21. Rxd1 Rd8 22. Ne5 Rxd1+ 23. Qxd1 h5 24. Nc4 Nxa4 $1 25. Bxa4 b5 $10
{Novikov,I-Espig,L/Budapest Perenyi-B/1989/}) 10... exd5 (10... Nxd5 11. Nxd5 (
11. Bxd5 $5 exd5 12. Qd2 $14) 11... exd5 12. Bd3 $14) 11. Bb3 Bb7 (11... Be6
12. Ng5 $36) 12. Ne5 $14 Ne4 (12... Nbd7 13. Bg5 $14 (13. Qf3 Nxe5 14. dxe5 Ne4
$10)) 13. Nxe4 dxe4 14. Qg4 $1 Bd5 (14... Nc6 $142 15. Nxc6 $5 (15. Qxe4 Na5 $1
16. Qf4 (16. Bxf7+ Rxf7 17. Nxf7 Bxe4 18. Nxd8 Rxd8 $15) 16... Nxb3 17. cxb3
Qd5 $44) 15... Bxc6 16. d5 (16. c3 Kh8 {/\f5=}) 16... Bd7 17. Qxe4 Bxb2 18.
Rad1 $14 {/\d6,[+]}) 15. Bg5 $1 f6 $8 (15... Qd6 $2 16. Be7 Qxe7 17. Bxd5 $16)
16. c4 h5 $8 (16... fxg5 17. cxd5 $18) (16... Bb7 17. Qe6+ $1 Kh8 18. c5 Qe8 $8
(18... fxg5 $4 19. Qg8+ Rxg8 20. Nf7#) 19. Qxe8 Rxe8 20. Nf7+ Kg8 21. Nd6+ Kf8
22. Nxe8 Kxe8 23. Bf4 $18) 17. Qe2 Bb7 $8 18. Nxg6 fxg5 19. c5+ Rf7 $8 (19...
Bd5 $4 20. Bxd5+ Qxd5 21. Ne7+) 20. Ne5 $5 (20. Qxh5 $2 Bd5 $17) (20. Bxf7+
Kxf7 21. Qxh5 Kg8 $13) 20... Bd5 (20... Bxe5 21. Bxf7+ Kxf7 22. Qxh5+ $40) 21.
Nxf7 Kxf7 22. Qxh5+ Kf8 23. Bxd5 Qxd5 24. cxb6 cxb6 25. Ra3 $1 $16 Nd7 (25...
Nc6 26. Rg3 Nxd4 27. Rxg5 $16) 26. Rg3 Nf6 27. Rxg5 Qxd4 $8 (27... Nxh5 28.
Rxd5 Nf6 (28... Nf4 $2 29. Rf5+) 29. Rd6 $18) 28. Qg6 Qd7 (28... Ne8 $2 29.
Rf5+ Nf6 30. Re1 Re8 31. Re3 $18) 29. Rc1 (29. Rf5 Qf7 30. Qxf7+ Kxf7 31. g4
$16) 29... Ra7 30. Rf5 Qe6 (30... Qf7 31. Rc8+ Ke7 32. Re5+ Kd6 33. Qg3 $40)
31. g4 $6 (31. Rc3 $16) 31... e3 $1 $132 32. g5 Rf7 $8 (32... e2 33. gxf6 e1=Q+
34. Rxe1 Qxe1+ 35. Kh2 Bh8 36. Qh5 $1 $18) (32... exf2+ 33. Rxf2 $18) 33. gxf6
Bxf6 {/\Rg7} 34. Kh1 $2 (34. Rxf6 exf2+ $1 (34... Rxf6 35. Rc8+ Qxc8 36. Qxf6+
Kg8 37. Qg5+ $18) 35. Kf1 $8 (35. Kxf2 $4 Rxf6+) 35... Rxf6 (35... Qxh3+ $2 36.
Ke2 $1 $18) 36. Rc8+ Qxc8 37. Qxf6+ Kg8 $10) (34. Rc8+ Qxc8 35. Rxf6 exf2+ 36.
Rxf2 (36. Kxf2 Qc5+ 37. Kg2 (37. Kf3 Qc6+) 37... Qd5+ 38. Kf1 $8 Qd1+ 39. Kg2
Qe2+ $10) 36... Qc1+ $10) (34. Kh2 $2 Be5+ $19) 34... e2 35. Re1 $8 Qe4+ 36. f3
(36. Kh2 Be5+ 37. Rxe5 Qxg6 $19) 36... Qh4 $1 37. Rxe2 (37. Kg2 Qxe1 38. Rxf6
Qf1+) 37... Qxh3+ 38. Rh2 (38. Kg1 Bd4+ $19) 38... Qf1+ $1 (38... Qf1+ 39. Qg1
Qxg1+ 40. Kxg1 Bd4+ {/\Rf5-+}) 0-1

[Event "Noyabrsk"]
[Site "Noyabrsk"]
[Date "1995.??.??"]
[Round "10"]
[White "Abramovic, Bosko"]
[Black "Kochetkov, German"]
[Result "1-0"]
[WhiteElo "2520"]
[BlackElo "2465"]
[Annotator "Stohl,I"]
[PlyCount "101"]
[EventDate "1995.05.??"]
[EventType "tourn"]
[EventRounds "11"]
[EventCountry "RUS"]
[EventCategory "10"]
[SourceTitle "CBM 048"]
[Source "ChessBase"]
[SourceDate "1995.10.01"]
[SourceVersion "1"]
[SourceVersionDate "1995.10.01"]
[SourceQuality "1"]

1. d4 d6 2. e4 g6 3. Nf3 Bg7 4. Be2 Nf6 5. Nc3 O-O 6. O-O Bg4 7. h3 Bxf3 8.
Bxf3 Nc6 9. Be3 (9. Ne2 e5 10. c3 Qe8 11. d5 Ne7 12. c4 Nd7 13. Nc3 f5 14. Rb1
Nf6 15. b4 Kh8 16. Qd3 Qf7 17. Rb3 c6 18. dxc6 Nxc6 19. Nb5 fxe4 20. Bxe4 Nxe4
21. Qxe4 Nd4 22. Nxd6 Qe7 23. c5 Nxb3 24. axb3 $44 {Illescas,M-Stohl,I/
Chalkidiki/1992/}) 9... e5 (9... Nd7 10. Nb1 (10. Ne2 e5 11. c3 Nb6 12. Qb3 Na5
13. Qc2 Nac4 14. Bc1 exd4 15. Nxd4 Qh4 16. Be2 Rfe8 17. b3 Ne5 18. f4 Nc6 19.
Nxc6 bxc6 20. Bf3 Rab8 21. Kh2 c5 22. Bd2 a5 23. Rab1 Qf6 24. c4 a4 25. g3 axb3
26. axb3 Nd7 $15 {[%csl Rd4][%cal Gb8b3] <->b,><d4,Gomez Esteban,JM-Morovic
Fernandez,I/Mesa op 1992/}) 10... e5 11. dxe5 Ncxe5 12. Be2 Nb6 13. c3 Re8 14.
a4 c6 15. a5 Nbc4 16. Bc1 d5 17. f4 Nd7 18. Bxc4 dxc4 19. e5 Qe7 20. Qe2 g5 21.
Nd2 gxf4 22. Nxc4 Nxe5 23. Nxe5 Qxe5 24. Qxe5 Bxe5 25. Bxf4 Rad8 $10 {
Bertholee,R-Vanheste,J/NLD-chT9495/1995/}) 10. dxe5 (10. d5 Ne7 11. Ne2 Nd7 12.
c4 f5 13. Nc3 Nf6 14. c5 fxe4 15. Bxe4 Nf5 16. Qd3 Nxe3 17. Qxe3 Rf7 18. cxd6
cxd6 19. Bf3 Qf8 20. Ne4 Nxe4 21. Qxe4 Rf4 22. Qe2 Qf7 23. Be4 Qc7 24. Rac1 Qb6
25. g3 Rff8 26. h4 $10 {^-,1/2-1/2, Johannessen,S-Bern,I/Gjovik ch-NO/1991/})
10... dxe5 11. Ne2 Qe7 $5 (11... Qxd1 12. Rfxd1 Rfd8 13. c3 $14 {_|_^^}) 12. c3
Rfd8 13. Qc2 {[%cal Yb2b4,Ya2a5] /\b4,a4-a5,|^<<} a5 $1 (13... h5 14. b4 Kh7 {
[%cal Yg7h6] /\Bh6=}) 14. Rfd1 a4 (14... h5 $1 $10) 15. g4 $6 (15. b4 axb3 (
15... Qe6 16. Ng3) 16. axb3 $14) 15... Rxd1+ 16. Rxd1 Qe6 17. Ra1 $6 (17. a3 b5
{[%csl Ra2,Rb3,Rc4,Rf4,Rg3,Rg5,Rh4][%cal Rc6a5,Ra5c4] /\Na5-c4,׻<<}) (17. Qb1
$142) 17... h5 18. g5 Nh7 (18... Qxh3 $2 19. Bg2 $16) 19. Kg2 (19. h4 f6 $1 {
[%csl Rg5,Rh4] ><g5,h4} (19... Qh3 20. Ng3 Qxh4 $2 21. Kg2 {/\Rh1+-})) 19...
Qe7 20. Qc1 Nd8 {[%cal Rd8e6] /\Ne6} (20... Na5 21. b3 $1 {[%cal Ya1b1] /\Rb1
leads nowhere.}) 21. h4 f6 $36 22. Ng1 (22. gxf6 $2 Bxf6 $17 {[%csl Rh4] ><h4})
22... a3 $5 23. b4 fxg5 24. hxg5 $8 (24. Bxg5 Bf6 25. Nh3 Ne6 $17) 24... Ne6
25. Nh3 Rf8 26. Qd2 Nf4+ (26... Rd8 27. Qc1 Rf8 $142 (27... Rd3 $6 28. Be2 {
[%cal Re2c4] /\Bc4})) 27. Bxf4 $8 (27. Nxf4 exf4 28. Bc5 (28. Bxf4 $2 Qf7 29.
Kg3 h4+ 30. Kg4 Bxc3 $1 $19) 28... Qxg5+ 29. Kf1 Rd8 $19) 27... exf4 28. Qd5+
Kh8 29. Rd1 $5 (29. Rc1 c6 30. Qc5 Qxc5 31. bxc5 Rd8 $17 {[%csl Ra2,Rc3,Rc5,
Rg5] _|_><a2,c3,c5,g5}) (29. Qxb7 Nxg5 $40 {[%csl Rg2] עg2}) 29... Bxc3 30.
Qc5 (30. b5 Be5 $17) 30... Qxc5 $6 (30... Bxb4 $1 31. Qd4+ (31. Qxe7 Bxe7 32.
Rd7 Bd6 $17) 31... Kg8 32. Rb1 (32. Be2 Nxg5 33. Bc4+ Kh7 $19) 32... Bd6 (32...
c5 33. Qd5+ $132 {[%csl Rb4] ץb4}) 33. Qd5+ Kh8 34. Rxb7 Be5 $17) 31. bxc5 Kg7
32. Rd3 Bb4 (32... Be5 $142 $5 33. Rxa3 Rd8 $15) 33. e5 Bxc5 34. Bxb7 $44 {
[%csl Rc7,Rf4] ><f4,c7} Re8 35. Rd5 Bb4 36. Kf3 Re7 $2 (36... Nf8 $142 37. Kxf4
(37. Nxf4 Be7 38. Nh3 Ne6 $10) 37... Ne6+ 38. Kg3 Be7 39. f4 Rd8 $10) 37. Kxf4
c5 38. Ba6 Nf8 39. Ke4 Ne6 40. Bc4 $16 {Suddenly White's pieces coordinate
ideally, Black's Bb4 is out of play.} Bc3 41. f4 Bd4 42. Rd6 Nc7 43. e6 Kf8 44.
f5 Ne8 (44... gxf5+ 45. Kxf5 {[%cal Rh3f4] /\Nf4+-}) 45. Rd8 gxf5+ 46. Kxf5 Rb7
47. Ba6 $1 (47. Nf4 $2 Ke7 {[%cal Re8d6] /\Nd6}) 47... Rb6 (47... Ra7 48. Bb5
$18) 48. Nf4 $1 $18 Rxa6 $8 49. Ng6+ Kg7 50. Rxe8 c4 51. e7 (51. e7 Rxg6 (51...
Ra5+ 52. Ke4 {[%cal Re8g8] /\Rg8+-}) 52. Rg8+ Kxg8 53. Kxg6 $18) 1-0

[Event "RUS-ch"]
[Site "Elista"]
[Date "1995.??.??"]
[Round "2"]
[White "Lastin, Alexander"]
[Black "Tseshkovsky, Vitaly"]
[Result "1-0"]
[WhiteElo "2465"]
[BlackElo "2540"]
[Annotator "Stohl,I"]
[PlyCount "79"]
[EventDate "1995.10.??"]
[EventType "swiss"]
[EventRounds "11"]
[EventCountry "RUS"]
[SourceTitle "CBM 050"]
[Source "ChessBase"]
[SourceDate "1996.02.01"]
[SourceVersion "1"]
[SourceVersionDate "1996.02.01"]
[SourceQuality "1"]

1. e4 d6 2. d4 Nf6 3. Nc3 g6 4. Nf3 Bg7 5. Be2 O-O 6. O-O c6 7. Re1 Nbd7 (7...
Qc7 8. Bf4 Nh5 9. Bg5 e5 10. Qd2 Re8 11. Rad1 Nd7 12. d5 c5 13. Nb5 Qb8 14. a4
a6 15. Nc3 Qc7 16. h3 Rb8 17. Nh2 Ndf6 18. Ra1 b6 19. Nf1 Qd7 20. Rab1 Qe7 $6
21. Bxh5 gxh5 22. Ng3 Qf8 23. b4 Bd7 24. b5 $16 {Anand,V-Kramnik,V/Monaco act/
1995/}) 8. Bf4 Qb6 (8... Qa5 9. Nd2 Qc7 (9... e5 10. Nc4 Qc7 11. dxe5 dxe5 12.
Be3 b5 13. Qd6 $1 Qxd6 14. Nxd6 a5 15. a4 b4 16. Nb1 Ne8 17. Nxc8 Rxc8 18. Rd1
Rc7 19. Nd2 Nd6 20. f3 Ra8 21. Nc4 Nxc4 22. Bxc4 Bf8 23. Kf1 $16 {[%csl Gc4,
Ge3] ^^_|_,Bobras,P-Lobejko,R/Polanica Zdroj op/1995/}) 10. d5 (10. Bg3 Rd8 11.
a4 e5 12. Nb3 exd4 13. Qxd4 Ne5 14. Rad1 Bg4 15. Qd2 Bxe2 16. Rxe2 Nh5 17. Bh4
Re8 18. Rb1 Nc4 19. Qc1 d5 20. exd5 Rxe2 21. Nxe2 cxd5 22. Bg5 Re8 23. Nbd4 Nd6
24. c3 Ne4 25. Be3 a6 $10 {Lamoureux,C-Tkachiev,V/Oakham/1993/}) 10... Nb6 11.
Bf3 Nfd7 $5 (11... e5 12. dxe6 Bxe6 13. a4 a5 14. Be2 Nfd7 15. Nf3 Ne5 16. Nd4
Bc4 17. Bxc4 Nexc4 18. b3 Ne5 19. Qd2 Nbd7 20. Bh6 Rfe8 21. Rad1 Bh8 22. Nde2
Ng4 23. Qxd6 Qxd6 24. Rxd6 Nc5 25. Bf4 $16 {Brodskij,M-Korotylev,A/St.
Petersburg op/1993/}) 12. Qc1 e5 13. dxe6 fxe6 14. Bg3 Bh6 15. Qd1 e5 16. Nf1
Nc5 17. Bg4 Ne6 18. b3 Qe7 19. a4 a5 20. f3 Nd7 21. Bh4 Nf6 22. Ne3 Ng5 23.
Bxc8 Raxc8 24. Bf2 Nh5 25. Ng4 Bg7 26. Kh1 Nf4 $132 {Brodsky,M-Delemarre,J/
Wijk op/1995/}) 9. Rb1 $5 $146 (9. Qc1 e5 (9... Re8 10. e5 dxe5 11. dxe5 Ng4
12. e6 fxe6 13. h3 Ngf6 14. Bc4 Nf8 15. Be5 a5 16. Na4 Qd8 17. Rd1 Nd5 18. Bxg7
Kxg7 19. Bf1 Qc7 20. c4 Nf6 21. Qe3 Rb8 22. Qa7 e5 23. Qb6 Qxb6 24. Nxb6 e4 25.
Ne5 Be6 26. Rd2 $44 {Zaitsev,I-Komliakov,V/Bucharest ENE/1993/}) 10. dxe5 dxe5
11. Be3 Qc7 12. Nd2 (12. a4 Ng4 13. Bd2 Nc5 14. h3 Nf6 15. Bf1 a5 16. Bc4 Be6
17. Bxe6 Nxe6 18. Be3 Rfe8 19. Nd2 Nd7 20. Qb1 Nd4 21. Ne2 $10 {Adams,M-Seret,
J/FRA-chT/1989/}) 12... Rd8 13. Rd1 Nf8 14. Nc4 Rxd1+ 15. Qxd1 Ne8 16. a4 Ne6
17. Nb1 b6 18. c3 Nf4 19. Bf1 Be6 20. Nbd2 h5 21. Qc2 Rd8 22. b4 Nf6 23. Nf3
Nh7 24. Rd1 Rxd1 25. Qxd1 $14 {Karpov,A-Hansen,C/Biel/1992/}) (9. Qd3 $5 c5 $2
10. e5 Nh5 11. Be3 dxe5 12. dxe5 Qxb2 13. Rab1 Qa3 14. Nd5 Qxd3 15. Nxe7+ Kh8
16. Bxd3 Nxe5 17. Nxe5 Bxe5 18. Bxc5 Bc3 19. Nxg6+ hxg6 20. Bxf8 Bxe1 21. Rxe1
Bf5 22. Bxf5 gxf5 23. Bc5 Nf4 24. Re7 Ne6 25. Ba3 $18 {Nunn,J-Christiansen,L/
Luzern tt/1989/}) 9... a5 {[%csl Gd4,Ge4] As usual in the Pirc defence, White
has occupied the center. Black unfortunately doesn't fight against the duo Pd4,
e4 and is gradually squeezed to death.} (9... Re8 $142 $5 {[%cal Re7e5] /\e5})
10. Bf1 Rd8 11. Qe2 $1 {[%cal Re4e6] /\e5-e6} Nf8 12. h3 Be6 $6 (12... Ne6 13.
Be3 Qc7 14. d5 Nf8 15. Nd4 $36 {[+],()}) (12... N6d7 $142 $5 $14 {/\e5}) 13.
Be3 Qc7 14. Rbd1 $16 d5 15. e5 {[%csl Gd4,Ge5] The pawn on e5 gives White
attacking chances on the King-side.} Ne8 16. Ng5 Bc8 17. f4 (17. a4 $6 f6 18.
exf6 exf6 19. Nf3 Nd6 $10) 17... b5 18. Qf2 f6 19. Nf3 {()>> Black has a
cramped and passive position, absolutely devoid of counterplay. White
methodically increases his pressure .} Qb8 20. g4 {A central advantage allows
White this effective flank attack.} a4 (20... b4 21. Na4 Ba6 22. Bxa6 Rxa6 23.
Nc5 Ra7 24. f5 $1 $18 {->}) 21. Ne2 Bh8 (21... f5 22. Qh4 {[%cal Ye2g3,Yf1d3,
Ye1e2,Ye2g2] /\Ng3,Bd3,Re2-g2...}) 22. Ng3 Ng7 23. Bd3 f5 (23... fxe5 24. Nxe5
{[%csl Rg7,Rg8,Rh8][%cal Rf4f5] /\f5->+-,עg8,Bh8,Ng7 Black simply doesn't
have enough space to defend successfully.}) 24. gxf5 Nxf5 (24... gxf5 25. Nh4
e6 26. a3 {[%cal Ye3d2,Yd2b4,Yg1h2,Ye1g1] /\Bd2-b4,Kh2,Rg1->}) 25. Nxf5 Bxf5
26. Bxf5 gxf5 27. Kh2 Ra7 28. Rg1+ Bg7 (28... Ng6 29. Nh4 $18) (28... Kf7 29.
Qh4 Ke8 30. Rg8 $18) 29. Rg2 e6 (29... Ne6 30. Rdg1 Kh8 31. Nh4 Rf8 32. Ng6+ $1
hxg6 33. Rxg6 Qc8 34. Qh4+ Kg8 35. Qh6 Rf7 $8 36. Rxe6 $18) 30. Rdg1 Rdd7 31.
Ne1 Qe8 32. Nd3 h6 33. Bd2 $1 {[%cal Rd2b4,Rb4d6,Rd3c5] /\Bb4-d6,Nc5,><e6 The
activization of White's passive Be3 decides the game.} Rf7 34. Bb4 Kh7 35. Qh4
Rfc7 (35... Nd7 36. Qh5 Ra8 37. Bd6 Rc8 38. Nb4 {[%cal Rb4c6,Rg2g7] /\Nc6!,Rg7}
Nf8 39. Na6 $1 $18) 36. Bc5 Rab7 37. Bd6 Rf7 38. Nc5 Ra7 39. Qh5 {[%cal Rg2g7]
/\Rg7+-} Qc8 40. Bxf8 (40. Bxf8 Rxf8 41. Qg6+ Kh8 42. Nxe6 Rg8 43. Nxg7) 1-0

[Event "Tilburg"]
[Site "Tilburg"]
[Date "1993.??.??"]
[Round "2"]
[White "Hertneck, Gerald"]
[Black "Piket, Jeroen"]
[Result "0-1"]
[WhiteElo "2555"]
[BlackElo "2590"]
[Annotator "Stohl,I"]
[PlyCount "48"]
[EventDate "1993.11.??"]
[EventType "k.o."]
[EventRounds "7"]
[EventCountry "NED"]
[SourceTitle "CBM 039"]
[Source "ChessBase"]
[SourceDate "1994.04.01"]
[SourceVersion "1"]
[SourceVersionDate "1994.04.01"]
[SourceQuality "1"]

1. d4 {Ftacnik} d6 2. e4 Nf6 3. Nc3 g6 4. Nf3 Bg7 5. Be2 O-O 6. O-O c6 7. a4
Qc7 8. a5 (8. Re1 e5 9. d5 $6 cxd5 10. exd5 Nbd7 11. Nb5 Qb8 12. c4 a6 13. Nc3
a5 14. b3 Nc5 15. Ba3 b6 16. b4 axb4 17. Bxb4 Bd7 18. Bxc5 bxc5 19. Rb1 Qd8 $15
{Malisauska,V-Newerovski,G/Katowice/1993/}) (8. Bf4 Nh5 9. Be3 e5 10. Qd2 Nd7
11. Rfd1 Nhf6 12. h3 exd4 13. Nxd4 Re8 14. f3 a6 15. Bf1 d5 16. exd5 Nxd5 17.
Nxd5 cxd5 18. Bf4 Ne5 19. Kh1 Bd7 20. Ra3 Rac8 $10 {Kruszynski,W-Gipslis,A/
Katowice/1993/}) 8... Rd8 $5 $146 (8... e5 9. Re1 (9. h3 exd4 10. Nxd4 Re8 11.
Bf3 Nbd7 12. Re1 a6 13. Bg5 Ne5 14. Be2 c5 $5 15. Nb3 Be6 16. Qd2 Nc6 17. Bxf6
Bxf6 18. Nd5 Bxd5 19. exd5 Nd4 $10 {Wedberg,T-Smyslov,V/New York op/1989/})
9... exd4 (9... Re8 10. dxe5 dxe5 11. Bc4 Rd8 12. Qe2 Nh5 13. g3 Na6 14. Be3 h6
15. Nh4 Kh7 16. Na4 Bf8 17. Qf3 Kg7 18. Nb6 $1 Rb8 19. Nxc8 Rbxc8 20. Bxa7 $16
{Zakharov,A-Zakharevich,I/Smolensk cup/1991/}) 10. Nxd4 Re8 11. Bf1 Nbd7 12.
Nb3 Ne5 13. f4 Ned7 14. Qf3 Rb8 15. Be3 b5 16. axb6 axb6 17. Bf2 b5 18. Ra7 Rb7
19. Ra8 Nb6 20. Ra2 Rb8 21. h3 Bb7 $13 {Malisauskas,V-Kantsler,B/Manila olm/
1992/}) (8... Nbd7 9. Be3 Rb8 $5 10. Nd2 b5 11. axb6 axb6 12. d5 Bb7 13. dxc6
Bxc6 14. Nb5 Bxb5 15. Bxb5 Nc5 16. Qf3 Qb7 17. Rfe1 $6 Nfxe4 18. Nxe4 Nxe4 19.
Ba6 Qc6 20. Bf4 f5 $17 {Laketic,G-Zaitshik,G/Belgrade GMA-op/1988/}) 9. Be3 (9.
Bf4 $5 Nh5 10. Be3 e5 $132) 9... d5 $1 10. exd5 (10. e5 $6 Ne4 11. Nxe4 dxe4
12. Nd2 c5 13. c3 Nc6 $36) 10... Nxd5 11. Nxd5 cxd5 $10 12. Qd2 Bf5 13. Rfc1 (
13. c3 Nc6 14. b4 e5 $132) 13... Nc6 14. Bf4 Qd7 15. b4 (15. c3 Be4 16. Ne5 $10
) 15... a6 16. b5 $6 (16. c3 {/\Ne1-d3-c5=}) (16. c3 $10 {Ftacnik}) 16... axb5
17. Bxb5 Qc8 18. Ra4 Be4 $36 19. Ng5 (19. Ne5 $142 $5 Nxe5 20. Bxe5 Bxe5 21.
dxe5 Qc5 $15) 19... h6 $1 20. Nxe4 dxe4 21. d5 {?! Ftacnik} (21. c3 Nxa5 $17 {
/\Nb3} (21... g5 {Ftacnik} 22. Be3 Nxa5 $15)) 21... Qf5 $1 22. a6 $6 {? Ftacnik
} (22. c4 Nd4 {/\Qf4,Nb3} 23. Re1 Nxb5 24. cxb5 Rxd5 $17) 22... Rxd5 23. axb7
Rad8 24. Bxc6 (24. Qe1 Rxb5) 24... Qxf4 $1 (24... Rxd2 25. Bxd2 Be5 26. Bxe4
$44 (26. Be3 $132 {Ftacnik})) (24... Qxf4 25. Qe1 (25. Qxf4 Rd1+) 25... Qxc1 $1
26. Qxc1 Rd1+) 0-1

[Event "Elenite"]
[Site "Elenite"]
[Date "1992.??.??"]
[Round "10"]
[White "Kotronias, Vasilios"]
[Black "Stohl, Igor"]
[Result "1/2-1/2"]
[WhiteElo "2550"]
[BlackElo "2560"]
[Annotator "Stohl,I"]
[PlyCount "115"]
[EventDate "1992.??.??"]
[EventType "tourn"]
[EventRounds "11"]
[EventCountry "BUL"]
[EventCategory "12"]
[SourceTitle "CBM 032"]
[Source "ChessBase"]
[SourceDate "1993.02.01"]
[SourceVersion "1"]
[SourceVersionDate "1993.02.01"]
[SourceQuality "1"]

1. e4 d6 2. d4 Nf6 3. Nc3 g6 4. Nf3 Bg7 5. h3 O-O 6. Be3 a6 7. Qd2 (7. a4 b6 8.
Bc4 e6 $13) (7. Bd3 b5 8. Qe2 b4 (8... Bb7 $5 $132) 9. Nb1 Nbd7 10. Nbd2 c5 11.
dxc5 Nxc5 12. O-O Qc7 13. a3 bxa3 14. Rxa3 Nxd3 15. Qxd3 Bb7 16. c4 Nd7 17. Nd4
Rac8 18. b3 Nc5 19. Qb1 $14 {[+],Benjamin,J-Davies,N,Hastings 1987}) 7... b5 8.
Bd3 (8. e5 $5 Ne8 $6 (8... Nfd7 9. O-O-O $13) 9. O-O-O {פe8} dxe5 10. dxe5
Qxd2+ 11. Rxd2 Nc6 12. Bf4 f6 13. exf6 Nxf6 14. Be3 Kh8 15. Be2 $14 {Moutousis,
K-Manor,A,WchJ Tunja 1989,TD 89_08}) 8... Bb7 9. e5 $5 (9. a3 Nbd7 10. Bh6 e5
11. d5 c6 12. dxc6 Bxc6 13. O-O Qc7 14. Rfe1 Nc5 15. Bg5 Qb7 16. Bxf6 Bxf6 17.
Bf1 Rad8 18. Qe3 Bg7 19. b4 Ne6 20. Rad1 Nd4 $36 {Kapelius,L-Glianets,A,Prague
op 1989}) 9... Nd5 (9... Nfd7 10. e6 $5 Bxf3 $8 (10... fxe6 11. Ng5 Rf6 12. h4
$40) 11. exf7+ Rxf7 12. gxf3 $36) 10. Bh6 dxe5 $1 (10... Nxc3 11. Bxg7 Kxg7 12.
Qxc3 dxe5 13. dxe5 e6 14. h4 Nd7 15. O-O-O c5 16. Ng5 $1 b4 17. Qe1 Bd5 18. Be4
h6 19. Bxd5 exd5 20. e6 $1 $16 {Kotronias,V-Yrjola,J,Haifa ETC 1989,TD 89_12})
11. Bxg7 Kxg7 12. Be4 (12. dxe5 Nb4 $36) 12... b4 (12... exd4 $4 13. Qxd4+ $18)
(12... Nxc3 $6 13. Bxb7 Ra7 14. Qxc3 Rxb7 15. dxe5 e6 16. O-O $36) 13. Nxd5
Bxd5 14. Qe3 (14. Bxd5 Qxd5 15. dxe5 (15. Qxb4 $2 Qe4+ $17) 15... Qxd2+ 16.
Kxd2 Nd7 $10) 14... e6 15. dxe5 {N} (15. Nxe5 Nd7 16. Nc6 Bxc6 17. Bxc6 Rb8 18.
O-O {Kotronias,V-Lerner,K,Gausdal Troll 1992,EXP 28} Rb6 $10) 15... c6 (15...
Nd7 16. Bxd5 exd5 17. O-O-O $16) 16. a3 (16. O-O-O Qa5 17. Bxd5 cxd5 18. Kb1
Rc8 $132) (16. O-O Nd7 17. Bxd5 cxd5 18. Nd4 Qc7 $10) 16... Qe7 17. h4 $6 (17.
O-O Nd7 18. axb4 Qxb4 $10) 17... bxa3 $1 18. bxa3 (18. Rxa3 $2 Qb4+ $17) 18...
h6 19. h5 g5 $15 20. Nd2 (20. O-O $142 $15) 20... Qa7 $1 (20... Nd7 21. Bd3 $5
Qc5 22. c4 Bxg2 23. Rh2 Nxe5 24. Be2 Qxe3 25. fxe3 Bd5 26. e4 Rfd8 $13) 21. Qf3
(21. Qxa7 Rxa7 $36 {/\Nd7,><e5}) (21. c4 Qxe3+ 22. fxe3 Bxe4 23. Nxe4 Nd7 $17)
21... Nd7 $17 22. O-O (22. c4 $6 Qd4 {/\Ne5-+}) 22... Nxe5 23. Qg3 (23. Qc3 f6
24. Rab1 Rab8 $17) 23... f6 24. c4 $5 {<=>} (24. Kh1 Qd4 $19) 24... Nxc4 (24...
Bxe4 25. Nxe4 Nxc4 26. Rac1 Ne5 27. Nc5 $44 {/\f4}) 25. Nxc4 Bxe4 $1 (25...
Bxc4 26. Rfc1 Bd5 27. Bxd5 exd5 $8 28. Rxc6 $44 {׻}) 26. Nd6 Bd5 27. Rab1 Rab8
28. Qd3 f5 29. Rfc1 Kh8 (29... Kg8 $142 $17) 30. a4 Qe7 31. Qc3+ Qg7 $6 (31...
Kg8 32. Qe5 (32. Nc4 Qc5 33. Rxb8 Rxb8 34. Qf6 Qf8 $19) 32... Qg7 $19) 32. Nf7+
$1 Kh7 33. Ne5 {/\a5,Rb6~/=} a5 (33... c5 $5 34. a5 Qc7 $17) 34. Re1 Qc7 35.
Qc5 Rfe8 36. Rb5 $5 Rxb5 37. axb5 Qe7 $1 38. Qxe7+ Rxe7 39. bxc6 Rc7 $6 $138 (
39... Kg7 40. Ra1 (40. Rc1 Rc7 41. Ra1 Kf6 $19) 40... Ra7 41. c7 Rxc7 42. Rxa5
Kf6 $19 {קh5}) 40. Ra1 Kg7 41. Rxa5 Kf6 42. Nd7+ Ke7 43. Nb8 $8 Kd6 $2 (43...
g4 $142 44. Kh2 Kf6 (44... Bxc6 45. Nxc6+ Rxc6 46. f3 $15) 45. Kg3 Kg5 46. f4+
gxf3 47. gxf3 Kxh5 48. Rc5 $15 {/\f4}) 44. f3 $1 Rc8 45. Rb5 Bxc6 46. Nxc6 Rxc6
47. Rb8 $132 Ke5 48. Kf2 (48. Rh8 $142 Kf4 49. Kh2 e5 50. Rg8 e4 51. Rg6 Rc1
52. fxe4 fxe4 53. Rxh6 e3 54. Rf6+ $10 {<=>}) 48... Rc2+ 49. Kg3 g4 $5 50. f4+
$1 (50. Rh8 $2 f4+ 51. Kxg4 Rxg2+ 52. Kh4 Rg3 53. Rxh6 Rxf3 $17) (50. fxg4 $5
Rc3+ 51. Kf2 (51. Kh4 $2 Rc4 52. Rg8 Rxg4+ 53. Rxg4 fxg4 54. Kxg4 Ke4 55. Kg3
Ke3 56. Kh2 e5 57. Kg1 e4 $19) 51... fxg4 52. Rh8 g3+ 53. Ke2 Kf4 54. Rxh6 Rc2+
55. Kf1 Rc1+ 56. Ke2 $132) 50... Ke4 51. Rb4+ Kd3 52. Rb3+ Ke2 (52... Rc3 53.
Rxc3+ Kxc3 54. Kh4 {/\g3=}) 53. Rb6 Rc3+ 54. Kh4 $1 $10 Re3 (54... Kf2 55. g3
Rc1 56. Rb2+ $10) 55. Rb2+ Kf1 56. g3 e5 57. fxe5 Rxe5 58. Rf2+ $1 (58. Rf2+
Ke1 59. Re2+ $10) 1/2-1/2